000 00288 a2200109 4500
001 68499
040 _cAnchieta - Itaigara
240 1 0 _aComo as coisas funcionam
_l
245 1 0 _aComo as coisas funcionam
650 4 _aEnciclopédias gerais (almanaques,anuários enciclopédicos
942 _cMU
999 _c68499
_d68499